Media boundaries and conceptual modelling : between texts and maps /

Bibliographic Details
Main Author: Eide, Øyvind (Author)
Corporate Author: ebrary, Inc
Format: eBook
Language:English
Published: Houndmills, Basingstoke, Hampshire ; New York, NY : Palgrave Macmillan, 2015.
Subjects:
Online Access:Connect to the full text of this electronic book

MARC

Tag First Indicator Second Indicator Subfields
LEADER 00000cam a22000001i 4500
001 in00003752201
006 m |o d |
007 cr |n|||||||||
008 151113t20152015enka ob 001 0 eng d
005 20250816210703.4
020 |a 1137544589 (electronic bk.) 
020 |a 9781137544582 (electronic bk.) 
020 |z 9781137544575  |q hardcover 
020 |z 1137544570  |q hardcover 
024 8 |a 99968100844 
035 |a (NhCcYBP)ebr11102195 
040 |a NhCcYBP  |c NhCcYBP  |d UtOrBLW 
050 4 |a AZ105  |b .E64 2015 
082 0 4 |a 001.30285  |2 23 
100 1 |a Eide, Øyvind,  |e author.  |0 http://id.loc.gov/authorities/names/n94118159 
245 1 0 |a Media boundaries and conceptual modelling :  |b between texts and maps /  |c Øyvind Eide, University of Passau, Germany. 
264 1 |a Houndmills, Basingstoke, Hampshire ;  |a New York, NY :  |b Palgrave Macmillan,  |c 2015. 
264 4 |c ©2015 
300 |a 1 online resource. 
336 |a text  |b txt  |2 rdacontent 
337 |a computer  |b c  |2 rdamedia 
338 |a online resource  |b cr  |2 rdacarrier 
504 |a Includes bibliographical references and index. 
505 0 |a Introduction -- Texts, maps, and the landscape -- Critical stepwise formalisation -- Case studies. 
588 |a Description based on print version record. 
500 |a Electronic resource. 
650 0 |a Digital humanities.  |0 http://id.loc.gov/authorities/subjects/sh2008122106 
650 0 |a Humanities  |x Methodology.  |0 http://id.loc.gov/authorities/subjects/sh2008105921 
650 0 |a Geographic information systems.  |0 http://id.loc.gov/authorities/subjects/sh90001880 
650 0 |a Digital media.  |0 http://id.loc.gov/authorities/subjects/sh98006600 
655 7 |a Electronic books.  |2 local 
710 2 |a ebrary, Inc.  |0 http://id.loc.gov/authorities/names/no2007088509 
776 1 8 |c Original  |z 9781137544575  |z 1137544570  |w (DLC) 2015019250 
856 4 1 |u https://ebookcentral.proquest.com/lib/tamucs/detail.action?docID=4008881  |y Connect to the full text of this electronic book  |t 0 
955 |a YBP purchased firm e-records 
980 |b 142.50  |g 1 
987 |a ybp12380846 
999 f f |s 53e923e0-798d-346b-a22c-7820c9bdc837  |i 424fe869-017a-353a-93b8-b4a6a69632d2  |t 0 
952 f f |a Texas A&M University  |b College Station  |c Electronic Resources  |d Available Online  |t 0  |e AZ105 .E64 2015  |h Library of Congress classification 
998 f f |a AZ105 .E64 2015  |t 0  |l Available Online